<?xml version="1.0" encoding="UTF-8"?>
<record
    xmlns:xsi="http://www.w3.org/2001/XMLSchema-instance"
    xsi:schemaLocation="http://www.loc.gov/MARC21/slim http://www.loc.gov/standards/marcxml/schema/MARC21slim.xsd"
    xmlns="http://www.loc.gov/MARC21/slim">

  <leader>01235naa a2200229 i 4500</leader>
  <controlfield tag="001">BPP</controlfield>
  <controlfield tag="003">BPK</controlfield>
  <controlfield tag="005">20160107120629.0</controlfield>
  <controlfield tag="008">150324s2004    pl     f     |100 0 pol</controlfield>
  <datafield tag="040" ind1=" " ind2=" ">
    <subfield code="c">BPK</subfield>
  </datafield>
  <datafield tag="080" ind1=" " ind2=" ">
    <subfield code="a">621.311.21</subfield>
  </datafield>
  <datafield tag="100" ind1=" " ind2=" ">
    <subfield code="a">BORKOWSKI, Przemys&#x142;aw.</subfield>
    <subfield code="d">1993 - 1996.</subfield>
    <subfield code="b">Wy&#x17C;sza Szko&#x142;a In&#x17C;ynierska w Koszalinie - Wydzia&#x142; Mechaniczny,</subfield>
    <subfield code="c">Katedra In&#x17C;ynierii Mechanicznej</subfield>
  </datafield>
  <datafield tag="245" ind1=" " ind2=" ">
    <subfield code="a">Issues of small hydroelectric power station exploitation and renovation =</subfield>
    <subfield code="b">Problematyka elsploatacji i renowacji ma&#x142;ych elektrowni wodnych /</subfield>
    <subfield code="c">Przemys&#x142;aw Borkowski, Magdalena Madej.</subfield>
  </datafield>
  <datafield tag="260" ind1=" " ind2=" ">
    <subfield code="c">2004.</subfield>
  </datafield>
  <datafield tag="500" ind1=" " ind2=" ">
    <subfield code="a">Dane z autopsji.</subfield>
  </datafield>
  <datafield tag="520" ind1=" " ind2=" ">
    <subfield code="a">W artykule przedstawiono rodzaje ma&#x142;ych elektrowni wodnych oraz sposoby ich renowacji.</subfield>
  </datafield>
  <datafield tag="650" ind1=" " ind2="0">
    <subfield code="a">Elektrownie wodne.</subfield>
  </datafield>
  <datafield tag="655" ind1=" " ind2="0">
    <subfield code="a">Materia&#x142;y konferencyjne.</subfield>
  </datafield>
  <datafield tag="711" ind1=" " ind2=" ">
    <subfield code="a">Wykorzystanie niekonwencjonalnych &#x17A;r&#xF3;de&#x142; energii : Konferencja Naukowo-Techniczna</subfield>
    <subfield code="n">(1 ;</subfield>
    <subfield code="d">2004.12.02 ;</subfield>
    <subfield code="c">S&#x142;upsk, Polska).</subfield>
  </datafield>
  <datafield tag="773" ind1=" " ind2=" ">
    <subfield code="i">W :</subfield>
    <subfield code="t">Wykorzystanie niekonwencjonalnych &#x17A;r&#xF3;de&#x142; energii : I Konferencja Naukowo-Techniczna / pod red. Leona Kukie&#x142;ki ; Urz&#x105;d Miejski w S&#x142;upsku, SP w S&#x142;upsku, RRFS NOT w S&#x142;upsku. -</subfield>
    <subfield code="d">S&#x142;upsk : RRFS NOT i SP, 2004. -</subfield>
    <subfield code="g">s. 177-186</subfield>
  </datafield>
  <datafield tag="942" ind1=" " ind2=" ">
    <subfield code="c">ART</subfield>
    <subfield code="2">UKD</subfield>
  </datafield>
  <datafield tag="999" ind1=" " ind2=" ">
    <subfield code="c">6708</subfield>
    <subfield code="d">6708</subfield>
  </datafield>
  <datafield tag="952" ind1=" " ind2=" ">
    <subfield code="0">0</subfield>
    <subfield code="1">0</subfield>
    <subfield code="4">0</subfield>
    <subfield code="7">0</subfield>
    <subfield code="a">BPK</subfield>
    <subfield code="b">BPK</subfield>
    <subfield code="o">73679</subfield>
    <subfield code="y">ART</subfield>
  </datafield>
</record>
